Normal view
MARC view
Entry Topical Term
001 - CONTROL NUMBER
- control field: 235428
003 - CONTROL NUMBER IDENTIFIER
- control field: OSt
005 - DATE AND TIME OF LATEST TRANSACTION
- control field: 20250814100634.0
008 - FIXED-LENGTH DATA ELEMENTS
- fixed length control field: 250814|| aca||aabn | a|a d
040 ## - CATALOGING SOURCE
- Original cataloging agency: OSt
- Transcribing agency: OSt
150 ## - HEADING--TOPICAL TERM
- Topical term or geographic name entry element: Aradhane Worship Education Shikshana Art Kale Culture Samskrati Parisara Environment
670 ## - SOURCE DATA FOUND
- Source citation: Work cat.: (OSt)104458: ANANTAKRASHNA (M) ಅನಂತಕೃಷ್ಣ (ಎಂ) 235427, Kanaja., 2001